000 00510nam a22001337a 4500
082 _a181.0
_bSAM
245 _aKhutbat e Iqbal Tafqeer e deeni per tajdeed e nazar Alama Iqbal/
_bBy: Dr.Muhammad Sami Ul Haq
260 _aلاہور:
_bمکتبہ جمال,
_c2016
300 _a200p.;
563 _aHB
880 _6100-01\r
_aڈاکٹر محمد سمیع الحق
880 _6245-02\r
_aخطباتِ اقبال: تفکر دینی پر تجدیدِ نظر - علامہ محمد اقبال
942 _2ddc
_cBK
999 _c613188
_d613188